000 00284nam a22001337a 4500
008 171020b xxu||||| |||| 00| 0 eng d
020 _a0256023921
041 _aeng
080 _a338
100 _a54
101 _aMEN
245 _aMANAGAMENT SCIENCE
_cLOOMBA.T
942 _2udc
_cBK
999 _c35242
_d35242